| 000 | 00813cam a22001934a 4500 | ||
|---|---|---|---|
| 005 | 20250605164000.0 | ||
| 008 | 250528s ||||||||||||||||||||||||d | ||
| 035 | _a15601 | ||
| 020 | _a471922307 | ||
| 040 |
_aGR-AtMCL _bgre _dGR-AtMCL _eAACR2 |
||
| 245 | 1 | _aAbstract Data Types in Modula-2 | |
| 260 |
_bJohn Wiley & Sons, Ltd, _c1989 |
||
| 300 | _a276 | ||
| 520 | _aCurrent trends in Programming Methodology. Preface, Acknowledgements, Introduction, The Abstract Data Type List, The Abstract Data Type Queue, The Abstract Data Type Stack, The Abstract Data Type Set, The Abstract Data Type Tree: 1, The Abstract Data Type Tree: 2, The Abstract Data Type Table, The Abstract Data Type Graph, Bibliography, Index. | ||
| 700 | 1 |
_aHarrison Rachel _91567 |
|
| 942 | _cBK | ||
| 999 |
_c1171 _d1171 |
||